• 首页
  • 本馆介绍
  • 公告通知
  • 最新文献
  • 馆藏检索
  • 电子资源
  • 读者导购
  • 参考咨询
  • 我的图书馆
  • 登录
  • 详细信息显示
  • 放入我的书架
  • 预约/预借图书
  • 作者相关作品
  • 分类相关作品
  • 丛书相关作品
  • 出版社相关作品

书目信息

  • 表格格式
  • 工作单格式
  • 卡片格式
题名:
列宁《哲学笔记》研究
    
 
作者: 凯德洛夫 著 ;章云 译
分册:  
出版信息: 北京   求实出版社  1984
页数: 386页
开本: 19cm
丛书名:
单 册:
中图分类: A821.2
科图分类:
主题词: 列宁著作--学习 , 列宁著作研究
电子资源:
ISBN:
000 00923nam0 2200301 45
001 0184010384
005 20031224165924.0
010    @dCNY1.25
091    @a2231.154
100    @a19950320d1984 emky0chiy0121 ea
101 1  @achi@crus
102    @aCN@b110000
105    @ay z 000yy
106    @ar
200 10 @a列宁《哲学笔记》研究@Alie ning《 zhe xue bi ji》 yan jiu@f(苏)鲍·米·凯德洛夫著@g章云译
210    @a北京@c求实出版社@d1984
215    @a386页@d19cm
300    @a内部发行
300    @a书名原文:Из лаборатории ленинской мысли
510 1  @aИз лаборатории ленинской мысли@zrus
606 0  @a列宁著作@x学习
606 0  @a列宁著作研究
690    @aA821.2
701  1 @a凯德洛夫@Akai de luo fu@b鲍.米.@4著
702  0 @a章云@Azhang yun@4译
801  0 @aCN@b上海图书馆@c20031224
801  2 @aCN@bNLC@c20031224
905    @f1@b172044@dA821.2@e12
    
    列宁《哲学笔记》研究/(苏)鲍·米·凯德洛夫著/章云译.-北京:求实出版社,1984
    386页;19cm
    内部发行.-书名原文:Из лаборатории ленинской мысли
    
    ISBN :CNY1.25
    
●
相关链接 在E读中查询图书 在五车中查询图书 在当当中查询图书 在豆瓣中查询图书


正题名:列宁《哲学笔记》研究     索取号:A821.2/12         预约/预借

序号 登录号 条形码 馆藏地/架位号 状态 备注
1 0172042   000919607   第一借阅区/ [索取号:A821.2/12] 在馆    
2 0172043   000919527   第一样本阅览室/ [索取号:A821.2/12] 在馆    
3 0172044   001858083   密集书库/ [索取号:A821.2/12] 在馆    
唐山师范学院图书馆 欢迎您!
大连网信软件有限公司© 版权所有